000 00439nam a2200181Ia 4500
001 3445
005 20260306145644.0
008 260306t2002||||xx |||||||||||||| ||spa||
041 _aESP
082 _a278.5
_bL12
100 _aMarzal, Manuel (ed.)
_eAUT
245 0 _aLa religión en el Perú al filo del milenio
260 _c2002
300 _a447 páginas :
_c21 cm.
650 _aGEN
654 _aCHU
942 _cLIB
_dJUS
_fJUS
_2ddc
_n
999 _c3445
_d3445